| 000 | 00441cam a2200181ua 4500 | ||
|---|---|---|---|
| 020 | _c2.00 | ||
| 041 |
_ahin _h |
||
| 082 |
_a891.54 _bJAI/JA |
||
| 100 | _aJainendra, Kumar . | ||
| 245 |
_aJainendra ki shresht kahaniyam / _cJainendra Kumar. _hTextual Documents |
||
| 250 |
_a1 / _b. |
||
| 260 |
_aDelhi : _bRajkamal Prakash , _c1960. |
||
| 300 | _a125 ; . | ||
| 365 | _a2.00 | ||
| 504 | _a | ||
| 942 | _cBK | ||
| 999 |
_c6419 _d6419 |
||